[Event "Doeberl Cup 56th"]
[Site "Canberra"]
[Date "2018.04.01"]
[Round "7"]
[White "Prasad, Lalit"]
[Black "Huang, Jimmy Ching Chih"]
[Result "1-0"]
[WhiteElo "1986"]
[BlackElo "1890"]
[PlyCount "97"]
[EventDate "2018.03.29"]
[EventType "swiss"]
[EventRounds "9"]
[EventCountry "AUS"]
[SourceTitle "EXT 2023"]
[Source "ChessBase"]
[SourceDate "2022.10.05"]
[SourceVersion "1"]
[SourceVersionDate "2022.10.05"]
[SourceQuality "1"]

1. c4 e6 2. g3 Nf6 3. Bg2 d5 4. Nf3 Be7 5. 0-0 0-0 6. d4 Nbd7 7. Nc3 c6 8. Re1 b6 9. Nd2 Bb7 10. e4 dxe4 11. Ndxe4 Nxe4 12. Nxe4 Nf6 13. Be3 Nxe4 14. Bxe4 Qd7 15. Qc2 g6 16. c5 b5 17. b4 Bf6 18. Qc3 Rfd8 19. Red1 Qe8 20. Bf4 Rd7 21. Be5 Qd8 22. Qf3 Kg7 23. h4 h5 24. Kg2 Rc8 25. a3 Qe7 26. Rd3 Bxe5 27. dxe5 Rxd3 28. Bxd3 Rd8 29. Rd1 Rd5 30. Be4 Rxe5 31. Bxc6 Rf5 32. Qc3+ Kh7 33. Bxb7 Qxb7+ 34. c6 Qb6 35. Rd2 Qc7 36. Rd7 Qb6 37. f4 e5 38. c7 Qb7+ 39. Kh2 Qe4 40. Qd3 Qc6 41. Qd5 Qc2+ 42. Kh3 Kg7 43. Qc5 Qe2 44. c8Q Qf1+ 45. Kh2 Qe2+ 46. Kg1 Qe1+ 47. Kg2 Qe4+ 48. Kf2 exf4 49. Q5f8+ 1-0

[Event "AUS-ch Major"]
[Site "Cammeray"]
[Date "2018.01.03"]
[Round "2"]
[White "Shi, Eric"]
[Black "Prasad, Lalit"]
[Result "1-0"]
[WhiteElo "1943"]
[BlackElo "1883"]
[PlyCount "95"]
[EventDate "2018.01.02"]
[EventType "swiss"]
[EventRounds "11"]
[EventCountry "AUS"]
[SourceTitle "CBM 182 Extra"]
[Source "ChessBase"]
[SourceDate "2018.02.23"]
[SourceVersion "1"]
[SourceVersionDate "2018.02.23"]
[SourceQuality "1"]

1. Nc3 g6 2. d4 Bg7 3. Bf4 d6 4. Qd2 Nc6 5. e3 e5 6. dxe5 dxe5 7. Qxd8+ Nxd8 8. Bg5 Ne6 9. Bh4 h5 10. f3 Ne7 11. e4 Nc6 12. Bb5 Ned4 13. 0-0-0 Be6 14. Bxc6+ bxc6 15. Nge2 Rb8 16. Rhe1 0-0 17. b3 Rfe8 18. Na4 Rb5 19. h3 Reb8 20. Be7 Ra5 21. Nxd4 exd4 22. f4 Bh6 23. Rf1 Bg7 24. Bc5 Rd8 25. Rf2 Bc4 26. e5 Bb5 27. Bb4 Ra6 28. Nc5 Rb6 29. Ba5 Rbb8 30. Bxc7 Rbc8 31. Bxd8 Rxd8 32. a4 Bf8 33. Nb7 Rd7 34. axb5 Rxb7 35. bxc6 Rc7 36. Rxd4 Rxc6 37. Rd8 Kg7 38. f5 gxf5 39. Rxf5 Rg6 40. Rf2 Bc5 41. Re2 Re6 42. Rd5 Bb6 43. c4 Kg6 44. Kc2 Kf5 45. Kd3 Bc7 46. Rf2+ Kg6 47. Rf6+ Rxf6 48. exf6 1-0

[Event "Oceania zt"]
[Site "Cammeray"]
[Date "2015.07.07"]
[Round "5"]
[White "Hathiramani, Dillon"]
[Black "Prasad, Lalit"]
[Result "0-1"]
[WhiteElo "1759"]
[BlackElo "1921"]
[PlyCount "64"]
[EventDate "2015.07.04"]
[EventType "swiss"]
[EventRounds "9"]
[EventCountry "AUS"]
[SourceTitle "CBM 167 Extra"]
[Source "ChessBase"]
[SourceDate "2015.09.14"]
[SourceVersion "1"]
[SourceVersionDate "2015.09.14"]
[SourceQuality "1"]

1. e4 Nf6 2. e5 Nd5 3. c4 Nb6 4. d4 d6 5. f4 g6 6. Be3 Bg7 7. Nf3 0-0 8. Be2 Be6 9. Na3 c6 10. 0-0 f6 11. Qe1 N8d7 12. exd6 exd6 13. Qg3 f5 14. Rae1 Nf6 15. Nd2 Qc7 16. Nc2 Rae8 17. Qf2 Bf7 18. b3 Nbd7 19. Bf3 Re7 20. Re2 Rfe8 21. Rfe1 d5 22. c5 b6 23. b4 Ne4 24. Bxe4 dxe4 25. a4 Nf6 26. Nb1 Bc4 27. Rd2 Nd5 28. cxb6 axb6 29. Rc1 Bb3 30. Nca3 Nxb4 31. Rc3 Nd3 32. Qf1 Bxd4 0-1

[Event "Oceania zt"]
[Site "Cammeray"]
[Date "2015.07.07"]
[Round "6"]
[White "Prasad, Lalit"]
[Black "Crossman, Tom"]
[Result "1/2-1/2"]
[WhiteElo "1921"]
[BlackElo "1828"]
[PlyCount "47"]
[EventDate "2015.07.04"]
[EventType "swiss"]
[EventRounds "9"]
[EventCountry "AUS"]
[SourceTitle "CBM 167 Extra"]
[Source "ChessBase"]
[SourceDate "2015.09.14"]
[SourceVersion "1"]
[SourceVersionDate "2015.09.14"]
[SourceQuality "1"]

1. e4 c5 2. Nf3 g6 3. d4 cxd4 4. Nxd4 Bg7 5. c4 Nc6 6. Nc2 Nh6 7. Bd2 d6 8. Nc3 f5 9. Rc1 0-0 10. Be2 fxe4 11. Nxe4 Bf5 12. Nc3 Qb6 13. 0-0 Qxb2 14. Ne3 Nd4 15. c5 Nxe2+ 16. Qxe2 Qa3 17. Rfd1 dxc5 18. Qc4+ Kh8 19. Nb5 Qd3 20. Qxc5 Rac8 21. Qb4 Rxc1 22. Bxc1 Qe4 23. Qxe4 Bxe4 24. f3 1/2-1/2

[Event "Oceania zt"]
[Site "Cammeray"]
[Date "2015.07.06"]
[Round "4"]
[White "Prasad, Lalit"]
[Black "Wilson, Mark L"]
[Result "1/2-1/2"]
[WhiteElo "1921"]
[BlackElo "1765"]
[PlyCount "23"]
[EventDate "2015.07.04"]
[EventType "swiss"]
[EventRounds "9"]
[EventCountry "AUS"]
[SourceTitle "CBM 167 Extra"]
[Source "ChessBase"]
[SourceDate "2015.09.14"]
[SourceVersion "1"]
[SourceVersionDate "2015.09.14"]
[SourceQuality "1"]

1. e4 d5 2. exd5 Nf6 3. d4 c6 4. dxc6 Nxc6 5. c3 e5 6. Bc4 exd4 7. Ne2 dxc3 8. Qxd8+ Nxd8 9. Bb5+ Bd7 10. Nbxc3 Bb4 11. 0-0 Ne6 12. Bxd7+ 1/2-1/2

[Event "Oceania zt"]
[Site "Cammeray"]
[Date "2015.07.05"]
[Round "3"]
[White "Ball, Christopher"]
[Black "Prasad, Lalit"]
[Result "1-0"]
[WhiteElo "1861"]
[BlackElo "1921"]
[PlyCount "99"]
[EventDate "2015.07.04"]
[EventType "swiss"]
[EventRounds "9"]
[EventCountry "AUS"]
[SourceTitle "CBM 167 Extra"]
[Source "ChessBase"]
[SourceDate "2015.09.14"]
[SourceVersion "1"]
[SourceVersionDate "2015.09.14"]
[SourceQuality "1"]

1. e4 Nf6 2. Nc3 d5 3. e5 Ne4 4. Nf3 Bg4 5. h3 Bh5 6. Bd3 Nc5 7. Bb5+ c6 8. Be2 Bxf3 9. Bxf3 d4 10. Ne4 e6 11. 0-0 Ncd7 12. d3 Nxe5 13. Bh5 Be7 14. f4 Ned7 15. Qg4 g6 16. f5 exf5 17. Rxf5 Nf6 18. Nxf6+ Bxf6 19. Rxf6 Qxf6 20. Bg5 Qe6 21. Qxd4 0-0 22. Bh6 f6 23. Bxf8 Kxf8 24. Rf1 Kg7 25. Bg4 Qe7 26. Rf3 c5 27. Re3 Qf8 28. Qd5 Nc6 29. Qd7+ Qf7 30. Qxf7+ Kxf7 31. Be6+ Kf8 32. Bd5 Ne7 33. Bb3 f5 34. Re6 Re8 35. Rf6+ Kg7 36. Rf7+ Kh8 37. Ba4 Nc6 38. Rxb7 Re6 39. Bxc6 Rxc6 40. Rxa7 Kg8 41. Kf2 Rb6 42. b3 Rc6 43. a4 g5 44. a5 h5 45. Rb7 g4 46. Rb6 gxh3 47. gxh3 Rc8 48. Rf6 Ra8 49. Rxf5 Rxa5 50. b4 1-0